<?xml version="1.0" encoding="UTF-8"?>
<record
    xmlns:xsi="http://www.w3.org/2001/XMLSchema-instance"
    xsi:schemaLocation="http://www.loc.gov/MARC21/slim http://www.loc.gov/standards/marcxml/schema/MARC21slim.xsd"
    xmlns="http://www.loc.gov/MARC21/slim">

  <leader>00418nam a2200097Ia 4500</leader>
  <controlfield tag="008">241105s9999    xx            000 0 und d</controlfield>
  <datafield tag="041" ind1=" " ind2=" ">
    <subfield code="a">eng</subfield>
  </datafield>
  <datafield tag="100" ind1=" " ind2=" ">
    <subfield code="a">Bhagwat Namrata</subfield>
    <subfield code="9">182653</subfield>
  </datafield>
  <datafield tag="245" ind1=" " ind2=" ">
    <subfield code="a">Study On Achieving Thermal Comfort With Low Cooling Energy Demand In Multi Storeyed Atriums Of Shopping Malls In Pune : Means Of Alternative Ventilation Strategies And Passive Design</subfield>
  </datafield>
  <datafield tag="260" ind1=" " ind2=" ">
    <subfield code="b">M.Arch Environmental, Pune</subfield>
    <subfield code="c">2014</subfield>
  </datafield>
  <datafield tag="999" ind1=" " ind2=" ">
    <subfield code="c">360944</subfield>
    <subfield code="d">360944</subfield>
  </datafield>
</record>
